MARC details
| 000 -BAŞLIK |
| Sabit Uzunluktaki Kontrol Alanı |
03193nam a22004097a 4500 |
| 001 - KONTROL NUMARASI |
| Control Dosyası |
0015789 |
| 003 - KONTROL NUMARASI KİMLİĞİ |
| Kontrol Alanı |
KOHA_MİRAKIL |
| 005 - EN SON İŞLEM TARİHİ ve ZAMANI |
| Kontrol Alanı |
20260207002042.0 |
| 007 - FİZİKSEL TANIM SABİT ALAN - GENEL BİLGİ |
| Sabit uzunluklu kontrol alanı |
ta |
| 008 - SABİT UZUNLUKTAKİ VERİ ÖGELERİ - GENEL BİLGİ |
| Sabit Alan |
100331b2007 tu |||gr||||#0|||0|tur | |
| 020 ## - ISBN - ULUSLARARASI STANDART KİTAP NUMARASI |
| Isbn |
9789754094510 |
| 040 ## - KATALOGLAMA KAYNAĞI |
| Özgün Kataloglama Kurumu |
TR-BiSEU |
| Kataloglama Dili |
tur |
| Çeviri Kurumu |
TR-BiSEU |
| Açıklama Kuralları |
rda |
| 041 0# - DİL KODU |
| Metin ya da ses kaydının dil kodu |
tur |
| 044 ## - YAYINLAYAN/ÜRETEN KURULUŞUN ÜLKE KODU |
| ISO country code |
tu |
| 050 ## - SINIFLAMA ve YER NUMARASI |
| Sınıflama Numarası |
DR503 |
| Yer Numarası |
.B89 2007 |
| 245 0# - ESER ADI BİLDİRİMİ |
| Başlık |
Büyük Türk denizcisi Kemal Reis : |
| Alt Eseradı vb. |
Türk deniz harp tarihinde iz bırakan gemiler olaylar ve şahıslar/ |
| Sorumluluk Bildirimi |
hazırlyan Cevat Ülkekul. |
| 264 #1 - ÜRERİM, YAYIN, DAĞITIM ve TELİF BİLDİRİMİ |
| Yayın yeri |
İstanbul : |
| Yayınlayan |
Piri Reis Araştırma Merkezi ; İstanbul Deniz Müzesi Komutanlığı |
| Yayın tarihi |
2007 |
| 300 ## - FİZİKSEL TANIMLAMA |
| Sayfa, Cilt vb. |
132 sayfa: resimli, harita |
| 336 ## - İÇERİK TÜRÜ |
| Content type term |
metin |
| Content type code |
txt |
| Source |
rdacontent |
| 337 ## - MEDYA TÜRÜ |
| Media type term |
aracısız |
| Media type code |
n |
| Source |
rdamedia |
| 338 ## - TAŞIYICI TÜRÜ |
| Carrier type term |
cilt |
| Carrier type code |
nc |
| Source |
rdacarrier |
| 490 1# - DİZİ BİLDİRİMİ |
| Dizi Bildirimi |
Piri Reis Araştırma Merkezi ; |
| Cilt Numarası |
sayı. |
| 490 1# - DİZİ BİLDİRİMİ |
| Dizi Bildirimi |
6. |
| 490 1# - DİZİ BİLDİRİMİ |
| Dizi Bildirimi |
Türk deniz harp tarihinde iz bırakan gemiler, olaylar ve şahıslar |
| 500 ## - GENEL NOT |
| Genel Not |
Kaynakça var. |
| 505 ## - İÇİNDEKİLER NOTU |
| İçindekiler Notu |
İÇİNDEKİLER |
| 650 #0 - KONU BAŞLIĞI EK GİRİŞ - KONU TERİMİ |
| Konusal terim veya coğrafi ad |
Kemal Reis, 1440-1511. |
| 9 (RLIN) |
36600 |
| 650 #0 - KONU BAŞLIĞI EK GİRİŞ - KONU TERİMİ |
| Konusal terim veya coğrafi ad |
Türkiye. Deniz Kuvvetleri Komutanlığı--Tarihi. |
| 9 (RLIN) |
36601 |
| 650 #0 - KONU BAŞLIĞI EK GİRİŞ - KONU TERİMİ |
| Konusal terim veya coğrafi ad |
Türkiye--Donanma--Tarihi. |
| 9 (RLIN) |
36602 |
| 650 #0 - KONU BAŞLIĞI EK GİRİŞ - KONU TERİMİ |
| Konusal terim veya coğrafi ad |
Turkey. Deniz Kuvvetleri Komutanlığı--History. |
| 9 (RLIN) |
36603 |
| 650 #0 - KONU BAŞLIĞI EK GİRİŞ - KONU TERİMİ |
| Konusal terim veya coğrafi ad |
Turkey--Navy--History. |
| 9 (RLIN) |
36604 |
| 830 1# - SERİ EK GİRİŞİ - TEKBİÇİM ESER ADI |
| Tekbiçim Başlık |
Piri Reis Araştırma Merkezi ; |
| Volume number/sequential designation |
sayı. |
| 9 (RLIN) |
36605 |
| 830 1# - SERİ EK GİRİŞİ - TEKBİÇİM ESER ADI |
| Tekbiçim Başlık |
6. |
| 9 (RLIN) |
10339 |
| 830 1# - SERİ EK GİRİŞİ - TEKBİÇİM ESER ADI |
| Tekbiçim Başlık |
Türk deniz harp tarihinde iz bırakan gemiler, olaylar ve şahıslar |
| 9 (RLIN) |
36606 |
| 907 ## - LOCAL DATA ELEMENT G, LDG (RLIN) |
| a |
Tarih |
| 942 ## - EK GİRİŞ ÖGELERİ (KOHA) |
| Source of classification or shelving scheme |
Library of Congress Classification |
| Koha item type |
Book |
| 505 ## - İÇİNDEKİLER NOTU |
| -- |
Önsöz I |
| -- |
Giriş 1 |
| -- |
A. Kemal Reis Hakkında Kemal Paşazade'nin Vermiş Olduğu Bilgiler 3 |
| -- |
B. Kemal Reis Hakkında Gelibolulu Ali'nin Vermiş Olduğu Bilgiler 5 |
| -- |
C. Kemal Reis'in (D.1440?-Ö. 1511) Yaşamı 6 |
| -- |
1. 1473 Yılına Kadarki İlk Bilgiler 6 |
| -- |
a. Kemal Reis'in Doğum Tarihi 6 |
| -- |
b. Osmanlı İmparatorluğunun Deniz Savaşları 18 |
| -- |
c. Korsanlık ve Haydutluk 31 |
| -- |
2. Kemal Reis'in Yaşamı (1473-1495) 38 |
| -- |
3. İspanya'dan Kovulan Müslümanlar ve Yahudilere Uzanan Yardım Eli 42 |
| -- |
a. Endülüs Müslümanları ve Yardım Dilekleri 44 |
| -- |
b. Müslümanlar ve İspanyollar 46 |
| -- |
c. Museviler ve İspanyollar 46 |
| -- |
4. 1481 -1495 Yıllarına İlişkin Öteki Olaylar 50 |
| -- |
5. Kemal Reis'in Devlet Hizmetine Geçen Yılları 1495-1511 |
| -- |
(Aldığı Görevler ve Yaptığı Hizmetler) 56 |
| -- |
6. Kemal Reis'in Ölümü 84 |
| -- |
Sonuç 95 |
| -- |
Ekler 97 |
| -- |
EK-1 J. H. Mordtmann'm 1929 Yılında Yazmış Olduğu "Zur |
| -- |
Lebengeschichte Von Kemal Reis" (Kemal Reis'in Hayat Hikayesidir.) |
| -- |
Başlıklı Makalesi. 97, |
| -- |
EK-2 H. J. Kissling'İn Dissertationes Orientales Et Balcanicae |
| -- |
Collectae 2, Sultan Bajezid II Un d Der Westen Yapıtında Yer Alan ve Birbirini İzleyen Aşağıdaki Başlıklı İncelemelerin Tercümeleri |
| -- |
ı EK-2A "Kemal Reis Und Der Herzog Von Catanzara" |
| -- |
(Kemal Reis ve Katanzara Dükü) 104 |
| -- |
EK-2B "Beatrachtungen Über Die Flottepolitik Sultan Bajezids II" (Sultan II. Bayezit'in Donanma Politikası Hakkında Düşünceleri) 109 |
| -- |
EK-2C "Zur Tatigkeit Des Kemal-Re'is İm Westnıittelmeer" |
| -- |
(Kemal Reis'in Batı Akdeniz'deki Harekatı) 110 |
| -- |
EK-3 Palmira Brummet'in "Kemal Reis And Gunpovvder Diplomacy |
| -- |
Bayezıt II" (Kemal Reis ve Osmanlı Devletinde Silah Diplomasisi) 119 |
| -- |
KAYNAKÇA 129 |
| -- |
|